[Event "España ch Individual Zona 2"]
[Site "Mérida ESP"]
[Date "2008.08.18"]
[Round "1.1"]
[White "Paredes Mancha, Antonio"]
[Black "Ibarra Jerez, Jose Carlos"]
[Result "0-1"]
[WhiteElo "2059"]
[BlackElo "2496"]
[PlyCount "62"]
[EventDate "2008.08.18"]
[EventType "swiss"]
[EventRounds "7"]
[EventCountry "ESP"]
[Source "lmi"]
[SourceDate "2008.08.18"]

1. e4 c5 2. Nf3 d6 3. d4 Nf6 4. Nc3 cxd4 5. Nxd4 a6 6. Be2 e6 7. O-O b5 8. f4
b4 9. e5 dxe5 10. fxe5 Nfd7 11. Bh5 Nxe5 12. Bf4 Nbd7 13. Na4 g6 14. Bf3 Ra7
15. Nc6 Nxc6 16. Bxc6 Bg7 17. Bb8 Rc7 18. Bxc7 Qxc7 19. Be4 Nc5 20. Nxc5 Qxc5+
21. Kh1 Bxb2 22. Qf3 O-O 23. Rad1 Qc7 24. Bc6 Be5 25. h3 Qe7 26. Rd3 a5 27.
Rfd1 h5 28. a4 bxa3 29. Rxa3 Bb8 30. g3 e5 31. Qg2 Qxa3 0-1

[Event "España ch Individual Zona 2"]
[Site "Mérida ESP"]
[Date "2008.08.18"]
[Round "1.2"]
[White "Teran Alvarez, Ismael"]
[Black "De Nacimiento Montaño, Antonio"]
[Result "1-0"]
[WhiteElo "2442"]
[BlackElo "2045"]
[PlyCount "63"]
[EventDate "2008.08.18"]
[EventType "swiss"]
[EventRounds "7"]
[EventCountry "ESP"]
[Source "lmi"]
[SourceDate "2008.08.18"]

1. e4 c5 2. Nc3 g6 3. g3 Bg7 4. Bg2 Nc6 5. d3 e6 6. Be3 d6 7. Qd2 Rb8 8. Nge2
Nd4 9. O-O b5 10. Nd1 b4 11. Nc1 Ne7 12. c3 bxc3 13. bxc3 Ndc6 14. Bh6 O-O 15.
Bxg7 Kxg7 16. Ne3 e5 17. f4 f6 18. Ne2 Ba6 19. g4 Qb6 20. Rac1 Qb5 21. Rf3 Kh8
22. Nd5 Nxd5 23. exd5 Ne7 24. c4 Qb2 25. Qe1 Bc8 26. h3 Qxa2 27. Nc3 Qa6 28.
fxe5 dxe5 29. Ne4 Rb2 30. Nxf6 Qa2 31. Bf1 Rc2 32. Rxc2 1-0

[Event "España ch Individual Zona 2"]
[Site "Mérida ESP"]
[Date "2008.08.18"]
[Round "1.3"]
[White "Marrero Falcon, Hector"]
[Black "Carrasco Martinez, Juan M"]
[Result "0-1"]
[WhiteElo "2044"]
[BlackElo "2425"]
[PlyCount "74"]
[EventDate "2008.08.18"]
[EventType "swiss"]
[EventRounds "7"]
[EventCountry "ESP"]
[Source "lmi"]
[SourceDate "2008.08.18"]

1. c4 g6 2. g3 Bg7 3. Bg2 c6 4. Nf3 d5 5. cxd5 cxd5 6. d4 Nc6 7. Nc3 Nf6 8. O-O
O-O 9. Ne5 e6 10. f4 Bd7 11. e3 Rc8 12. Bd2 Ne8 13. Rc1 Nd6 14. Nd3 Nc4 15. b3
Nxd2 16. Qxd2 b6 17. Rc2 Qe7 18. Nd1 a5 19. N1b2 Na7 20. Rfc1 Bb5 21. Rxc8 Rxc8
22. Rxc8+ Nxc8 23. Qc1 Nd6 24. a4 Be8 25. Qc3 Bf8 26. Kf1 Nf5 27. Ke2 Qa3 28.
Nd1 b5 29. axb5 Bxb5 30. Kd2 a4 31. bxa4 Qxa4 32. Nc5 Qa2+ 33. Qb2 Qc4 34. Nc3
Nxd4 35. exd4 Qxd4+ 36. Kc1 Qg1+ 37. Nd1 Qxc5+ 0-1

[Event "España ch Individual Zona 2"]
[Site "Mérida ESP"]
[Date "2008.08.18"]
[Round "1.4"]
[White "Cabrera Trujillo, Jorge"]
[Black "Hernandez Leon, Sergio"]
[Result "1-0"]
[WhiteElo "2423"]
[BlackElo "2042"]
[PlyCount "89"]
[EventDate "2008.08.18"]
[EventType "swiss"]
[EventRounds "7"]
[EventCountry "ESP"]
[Source "lmi"]
[SourceDate "2008.08.18"]

1. e4 e6 2. d4 d5 3. Nd2 c5 4. exd5 exd5 5. Ngf3 Nc6 6. Bb5 Bd6 7. dxc5 Bxc5 8.
Nb3 Bd6 9. O-O Nge7 10. c3 O-O 11. Bd3 Qc7 12. Bc2 f6 13. Nbd4 Nxd4 14. Qxd4
Be5 15. Qd3 Bf5 16. Qe2 Bxc2 17. Qxc2 Nc6 18. Be3 Rfd8 19. Rad1 Rac8 20. Rd2
Qf7 21. Qf5 g6 22. Qd3 Rd7 23. Rfd1 Rcd8 24. g3 g5 25. Kg2 Qg6 26. Qxg6+ hxg6
27. Nxe5 Nxe5 28. Bxa7 Nc4 29. Re2 Ra8 30. Bd4 Rxa2 31. Bxf6 Rxb2 32. Rxb2 Nxb2
33. Rd4 Kf7 34. Bxg5 Ke6 35. Rf4 Rg7 36. Rf6+ Ke5 37. Rb6 Nc4 38. Bf6+ Kf5 39.
Bxg7 Nxb6 40. Kf3 Nc4 41. g4+ Ke6 42. h4 b5 43. Bd4 Nd6 44. Kf4 Nf7 45. f3 1-0

[Event "España ch Individual Zona 2"]
[Site "Mérida ESP"]
[Date "2008.08.18"]
[Round "1.5"]
[White "Martin Sanchez, Juan Jose"]
[Black "Fernandez Barrera, Victor"]
[Result "1-0"]
[WhiteElo "2027"]
[BlackElo "2319"]
[PlyCount "75"]
[EventDate "2008.08.18"]
[EventType "swiss"]
[EventRounds "7"]
[EventCountry "ESP"]
[Source "lmi"]
[SourceDate "2008.08.18"]

1. e4 e6 2. d4 d5 3. Nd2 Be7 4. Ngf3 c5 5. c3 Nc6 6. Bd3 cxd4 7. cxd4 Qb6 8.
O-O Bd7 9. e5 Nb4 10. Bb1 Bb5 11. Re1 Rc8 12. Re3 g5 13. Rc3 Nc6 14. a4 Ba6 15.
Nb3 g4 16. Ng5 h5 17. Qc2 Bxg5 18. Bxg5 Bc4 19. Be3 Nb4 20. Qd1 Na6 21. Bd3 Ne7
22. Bxc4 Rxc4 23. Rac1 Rxc3 24. Rxc3 Kd7 25. Nc5+ Nxc5 26. Rxc5 Rc8 27. b4 Rxc5
28. bxc5 Qb4 29. h3 gxh3 30. gxh3 h4 31. Qh5 Qxa4 32. Qxf7 Qd1+ 33. Kh2 a5 34.
Bg5 Kc6 35. Qxe7 Qe2 36. Qe8+ Kc7 37. Bd8+ Kb8 38. Bb6# 1-0

[Event "España ch Individual Zona 2"]
[Site "Mérida ESP"]
[Date "2008.08.18"]
[Round "1.6"]
[White "Espinosa Aranda, Angel"]
[Black "Amoros Moran, Jose Joaquin"]
[Result "1-0"]
[WhiteElo "2313"]
[BlackElo "2024"]
[PlyCount "79"]
[EventDate "2008.08.18"]
[EventType "swiss"]
[EventRounds "7"]
[EventCountry "ESP"]
[Source "lmi"]
[SourceDate "2008.08.18"]

1. e4 c5 2. Nf3 d6 3. d4 cxd4 4. Nxd4 Nf6 5. Nc3 Nc6 6. h3 Qb6 7. Nb3 e6 8. Be3
Qc7 9. g4 a6 10. g5 Nd7 11. f4 b5 12. Qd2 Bb7 13. Bg2 Be7 14. O-O Nb6 15. Qe2
Nc4 16. Bc1 O-O 17. Kh1 Rfe8 18. a4 Qb6 19. Rd1 Rad8 20. axb5 axb5 21. Bd2 Bf8
22. Be1 d5 23. Bf2 Qc7 24. e5 b4 25. Nb5 Qc8 26. c3 Ne7 27. N3d4 b3 28. Nxb3 d4
29. N3xd4 Bxg2+ 30. Kxg2 Nd5 31. Kg3 f6 32. Na7 Qc7 33. Ndb5 Qb8 34. Qxc4 fxe5
35. Nc6 exf4+ 36. Kh2 Rc8 37. Nxb8 Rxc4 38. Nd7 Be7 39. Re1 Bxg5 40. Nd6 1-0

[Event "España ch Individual Zona 2"]
[Site "Mérida ESP"]
[Date "2008.08.18"]
[Round "1.7"]
[White "Lorenzo Grande, Jorge"]
[Black "Fenollar Jorda, Manuel"]
[Result "0-1"]
[WhiteElo "2010"]
[BlackElo "2298"]
[PlyCount "96"]
[EventDate "2008.08.18"]
[EventType "swiss"]
[EventRounds "7"]
[EventCountry "ESP"]
[Source "lmi"]
[SourceDate "2008.08.18"]

1. Nf3 d5 2. b3 c5 3. Bb2 Nc6 4. d3 Nf6 5. Nbd2 e6 6. g3 Be7 7. Bg2 O-O 8. O-O
b5 9. a4 b4 10. Ne5 Na5 11. e4 Ba6 12. Ng4 c4 13. bxc4 dxc4 14. Bxf6 gxf6 15.
dxc4 Nxc4 16. Nxc4 Bxc4 17. Re1 Qxd1 18. Raxd1 Rad8 19. Ne3 Ba6 20. Bf1 Bb7 21.
Bd3 Rd4 22. f3 Rfd8 23. Kf2 Bc6 24. Bb5 Bxb5 25. axb5 Rd2+ 26. Rxd2 Rxd2+ 27.
Re2 Rd7 28. b6 a5 29. Nc4 a4 30. Rd2 Rxd2+ 31. Nxd2 Bc5+ 32. Ke2 Bxb6 33. Kd3
Bg1 34. Kc4 Bxh2 35. Kxb4 Bxg3 36. Kxa4 h5 37. Kb5 Kf8 38. Kc6 Ke7 39. c4 h4
40. c5 h3 41. Nf1 Bf4 42. Kb7 h2 43. Nxh2 Bxh2 44. Kc8 f5 45. exf5 exf5 46. c6
Bd6 47. c7 Ke6 48. Kb7 Bxc7 0-1

[Event "España ch Individual Zona 2"]
[Site "Mérida ESP"]
[Date "2008.08.18"]
[Round "1.8"]
[White "Vega Gutierrez, Sabrina"]
[Black "Suriol Peinado, Alberto"]
[Result "1-0"]
[WhiteElo "2281"]
[BlackElo "1997"]
[PlyCount "105"]
[EventDate "2008.08.18"]
[EventType "swiss"]
[EventRounds "7"]
[EventCountry "ESP"]
[Source "lmi"]
[SourceDate "2008.08.18"]

1. e4 e6 2. Nf3 d5 3. Nc3 dxe4 4. Nxe4 Nd7 5. d4 Ngf6 6. Bg5 Be7 7. Nxf6+ Bxf6
8. h4 h6 9. Be3 Qe7 10. Qd2 e5 11. O-O-O e4 12. Re1 O-O 13. Bg5 Qe6 14. Qf4 Re8
15. b3 Qd6 16. Rxe4 Qxf4+ 17. Rxf4 Be7 18. Bxe7 Rxe7 19. Bd3 Nf6 20. Re1 Rxe1+
21. Nxe1 Nd5 22. Re4 Be6 23. Kb2 Rd8 24. c3 Nf6 25. Re2 Nd5 26. g3 Nf6 27. Bc2
Kf8 28. Ng2 c6 29. Ne3 Nh5 30. Bf5 Bd7 31. Be4 Be6 32. Bf3 Nf6 33. Rd2 Nd5 34.
c4 Ne7 35. Kc3 Ke8 36. d5 cxd5 37. Nxd5 Nxd5+ 38. Bxd5 Bxd5 39. Rxd5 Rc8 40. a4
Ke7 41. a5 a6 42. Kd4 Rc7 43. b4 Ke8 44. Rd6 Ke7 45. c5 Ke8 46. Kd5 Ke7 47. c6
bxc6+ 48. Rxc6 Ra7 49. Kc5 Kd7 50. Kb6 Ra8 51. Rc7+ Kd6 52. Rxf7 Rb8+ 53. Rb7
1-0

[Event "España ch Individual Zona 2"]
[Site "Mérida ESP"]
[Date "2008.08.18"]
[Round "1.9"]
[White "Beltran De Heredia Eguizabal, Miguel"]
[Black "Camacho Collados, Jose"]
[Result "1/2-1/2"]
[WhiteElo "1993"]
[BlackElo "2276"]
[PlyCount "162"]
[EventDate "2008.08.18"]
[EventType "swiss"]
[EventRounds "7"]
[EventCountry "ESP"]
[Source "lmi"]
[SourceDate "2008.08.18"]

1. e4 c5 2. Nf3 Nc6 3. d4 cxd4 4. Nxd4 Nf6 5. Nc3 e6 6. Ndb5 Bc5 7. Nd6+ Ke7 8.
Nxc8+ Rxc8 9. Bd3 d5 10. O-O dxe4 11. Nxe4 Nb4 12. Bg5 Nxd3 13. cxd3 Bd4 14.
Qb3 Qb6 15. Qa3+ Bc5 16. Bxf6+ gxf6 17. Nxc5 Qxc5 18. b4 Qd4 19. Rac1 Rhd8 20.
h3 f5 21. Rc5 f4 22. Rfc1 Rxc5 23. bxc5 Qxd3 24. Qxa7 Rd7 25. Qa5 f3 26. c6
bxc6 27. Qg5+ Kf8 28. Rxc6 Qg6 29. Qxg6 hxg6 30. gxf3 Ra7 31. Rc2 Kg7 32. Kg2
Kf6 33. Re2 Kg5 34. Kg3 Ra3 35. Re5+ Kh6 36. Re2 Kh5 37. h4 Kh6 38. Kg4 Rd3 39.
Kg3 Ra3 40. Kg4 Kg7 41. Kg3 Ra6 42. f4 Ra4 43. f3 Kf6 44. Rb2 Ke7 45. Rd2 Ra7
46. Kg4 Ra5 47. Kg3 Ra4 48. Re2 Kd6 49. Rd2+ Kc6 50. Rc2+ Kb6 51. Rb2+ Kc6 52.
Rc2+ Kd5 53. Rc7 f5 54. Rg7 Rxa2 55. Rxg6 Ra1 56. h5 Rh1 57. Rh6 Kd6 58. Rh7
Kc6 59. h6 Kd6 60. Kf2 e5 61. Rh8 Ke7 62. fxe5 Kf7 63. Ke3 Kg6 64. Rg8+ Kf7 65.
Rg5 Ke6 66. Rg6+ Kxe5 67. f4+ Kd5 68. Rf6 Rh3+ 69. Kf2 Ke4 70. Kg2 Rh4 71. Kg3
Rg4+ 72. Kh3 Rg1 73. Kh2 Rg8 74. h7 Rh8 75. Rh6 Kxf4 76. Kg2 Kg4 77. Kf2 f4 78.
Rh1 Kg5 79. Kf3 Kg6 80. Kxf4 Rxh7 81. Rxh7 Kxh7 1/2-1/2

[Event "España ch Individual Zona 2"]
[Site "Mérida ESP"]
[Date "2008.08.18"]
[Round "1.10"]
[White "De La Cruz Sanchez, Carlos Gustavo"]
[Black "Gutierrez Leon, Cristobal"]
[Result "1-0"]
[WhiteElo "2266"]
[BlackElo "1972"]
[PlyCount "47"]
[EventDate "2008.08.18"]
[EventType "swiss"]
[EventRounds "7"]
[EventCountry "ESP"]
[Source "lmi"]
[SourceDate "2008.08.18"]

1. e4 e6 2. d4 d5 3. Nd2 Nf6 4. Bd3 c5 5. c3 Nc6 6. Ngf3 Qb6 7. O-O cxd4 8.
cxd4 dxe4 9. Nxe4 Be7 10. Qe2 Nd5 11. Nc3 Nxd4 12. Nxd4 Qxd4 13. Bb5+ Kf8 14.
Rd1 Nxc3 15. bxc3 Qc5 16. a4 Qc7 17. Rd4 a6 18. Bf4 Qb6 19. Bc4 g5 20. Be3 Qa5
21. Rb1 Bf6 22. Qh5 h6 23. Rbd1 b5 24. Qf3 1-0

[Event "España ch Individual Zona 2"]
[Site "Mérida ESP"]
[Date "2008.08.18"]
[Round "1.11"]
[White "Aranaz Murillo, Amalia"]
[Black "Garcia Romero, Benjamin Abel"]
[Result "1-0"]
[WhiteElo "1959"]
[BlackElo "2265"]
[PlyCount "65"]
[EventDate "2008.08.18"]
[EventType "swiss"]
[EventRounds "7"]
[EventCountry "ESP"]
[Source "lmi"]
[SourceDate "2008.08.18"]

1. Nf3 d5 2. d4 Nf6 3. c4 e6 4. Nc3 Nbd7 5. Bg5 Bb4 6. e3 c5 7. cxd5 exd5 8.
Be2 Qa5 9. O-O Bxc3 10. bxc3 c4 11. Bxf6 Nxf6 12. Qc2 O-O 13. Nd2 Re8 14. e4
Nxe4 15. Nxe4 dxe4 16. Bxc4 Qg5 17. Rfe1 Bh3 18. Bf1 Re6 19. Re3 Bg4 20. Be2
Bxe2 21. Qxe2 Qd5 22. Re1 f5 23. Qd2 f4 24. R3e2 Rf8 25. Qc2 e3 26. fxe3 fxe3
27. Rxe3 Rc6 28. Qb3 Rc4 29. Re8 b5 30. Rxf8+ Kxf8 31. Qa3+ b4 32. Qxa7 Qd8 33.
Rf1+ 1-0

[Event "España ch Individual Zona 2"]
[Site "Mérida ESP"]
[Date "2008.08.18"]
[Round "1.12"]
[White "Claros Egea, Christian"]
[Black "Moya Albaladejo, Jose Antonio"]
[Result "1-0"]
[WhiteElo "2264"]
[BlackElo "1951"]
[PlyCount "83"]
[EventDate "2008.08.18"]
[EventType "swiss"]
[EventRounds "7"]
[EventCountry "ESP"]
[Source "lmi"]
[SourceDate "2008.08.18"]

1. e4 Nf6 2. e5 Nd5 3. d4 d6 4. c4 Nb6 5. exd6 exd6 6. Nc3 Be7 7. Bd3 O-O 8.
Nge2 Nc6 9. Be3 Nb4 10. d5 Bf6 11. a3 Nxd3+ 12. Qxd3 Bg4 13. Ng3 Nd7 14. f3 Ne5
15. Qe2 Bd7 16. O-O Re8 17. Rac1 a6 18. Nce4 b5 19. b3 Bh4 20. Qd2 bxc4 21.
bxc4 Rb8 22. Rc3 Qe7 23. Rfc1 f5 24. Bg5 Bxg5 25. Nxg5 Rb7 26. f4 Ng4 27. Nf3
Reb8 28. h3 Nf6 29. Re3 Qf8 30. Nd4 g6 31. Qc3 Qf7 32. Rce1 Kf8 33. Kh2 Rb1 34.
Ne6+ Bxe6 35. Rxe6 Ng8 36. Rxb1 Rxb1 37. Ne2 Rb8 38. Nd4 Qg7 39. Rxd6 Qe7 40.
Ne6+ Ke8 41. Rc6 Qh4 42. Qh8 1-0

[Event "España ch Individual Zona 2"]
[Site "Mérida ESP"]
[Date "2008.08.19"]
[Round "2.1"]
[White "Ibarra Jerez, Jose Carlos"]
[Black "Garcia Moreno, Carlos"]
[Result "1-0"]
[WhiteElo "2496"]
[BlackElo "2176"]
[PlyCount "77"]
[EventDate "2008.08.18"]
[EventType "swiss"]
[EventRounds "7"]
[EventCountry "ESP"]
[Source "lmi"]
[SourceDate "2008.08.18"]

1. e4 e5 2. Nf3 Nc6 3. Bb5 a6 4. Bxc6 dxc6 5. O-O f6 6. d4 exd4 7. Nxd4 c5 8.
Nb3 Qxd1 9. Rxd1 Bg4 10. f3 Be6 11. Bf4 c4 12. Na5 Bc5+ 13. Kf1 Bb6 14. b4 cxb3
15. axb3 Ra7 16. Nc3 Ne7 17. Nc4 Kf7 18. Nxb6 cxb6 19. Nb5 Raa8 20. Nd6+ Kg6
21. Nxb7 Rhc8 22. Rd2 Ra7 23. Nd6 Rd8 24. g4 Nc6 25. Ke2 h5 26. Be3 Rb8 27. h3
Kh7 28. f4 hxg4 29. f5 Bd7 30. hxg4 Ne5 31. g5 fxg5 32. Bd4 Nc6 33. Bb2 Ne7 34.
Rh1+ Kg8 35. Ke3 Nc8 36. Rdh2 Nxd6 37. Rh8+ Kf7 38. Rxb8 Bc6 39. Rh7 1-0

[Event "España ch Individual Zona 2"]
[Site "Mérida ESP"]
[Date "2008.08.19"]
[Round "2.2"]
[White "Gomez Gordo, Juan Carlos"]
[Black "Teran Alvarez, Ismael"]
[Result "0-1"]
[WhiteElo "2174"]
[BlackElo "2442"]
[PlyCount "173"]
[EventDate "2008.08.18"]
[EventType "swiss"]
[EventRounds "7"]
[EventCountry "ESP"]
[Source "lmi"]
[SourceDate "2008.08.18"]

1. e4 d6 2. d4 Nf6 3. Nc3 c6 4. f4 Qa5 5. Bd3 e5 6. Nf3 Bg4 7. dxe5 dxe5 8. h3
Bxf3 9. Qxf3 Nbd7 10. Bd2 exf4 11. O-O-O Ne5 12. Qxf4 Qc7 13. Be2 Bd6 14. Qf2
O-O 15. Be3 b6 16. g4 Nfd7 17. Nb1 Bc5 18. Nd2 Bxe3 19. Qxe3 Nc5 20. Rhf1 Rfe8
21. Nc4 Nxc4 22. Bxc4 Re7 23. Rf4 Rae8 24. Rdf1 Ne6 25. Bxe6 Rxe6 26. Qf3 R8e7
27. h4 Qd7 28. g5 Qe8 29. Re1 Re5 30. a3 Qd7 31. Qe3 Qe6 32. Kb1 Rd7 33. Qf3
Rd4 34. Rd1 Rxd1+ 35. Qxd1 Qe7 36. Qg4 Qe6 37. Qd1 Qe7 38. Qg4 Qd8 39. Rf1 Re6
40. Rd1 Qe7 41. h5 Kf8 42. Rd3 Qc7 43. Qf5 g6 44. hxg6 hxg6 45. Qh3 Qe5 46.
Qh6+ Ke7 47. Rd1 Rd6 48. Rxd6 Qxd6 49. Qh8 Qd1+ 50. Ka2 Qxc2 51. Qf6+ Ke8 52.
Qe5+ Kd7 53. Qb8 Qc4+ 54. Ka1 Qc1+ 55. Ka2 Qc4+ 56. Ka1 b5 57. Qxa7+ Ke6 58.
Qe3 Ke5 59. Qf3 Qc1+ 60. Ka2 Qxg5 61. Qxf7 Kxe4 62. Qe6+ Kd4 63. Qe1 Qd5+ 64.
Ka1 Qe4 65. Qg1+ Kd5 66. Qg5+ Ke6 67. Qg3 Kd7 68. Qb8 Qh1+ 69. Ka2 Qd5+ 70. Ka1
g5 71. Qh8 Kc7 72. Qa8 Qd4 73. Qa5+ Kb7 74. Qe1 g4 75. Qe7+ Kb6 76. Qh4 Qg1+
77. Ka2 Qd1 78. Qg3 Kb7 79. Qc3 Qf3 80. Qg7+ Ka6 81. Qc7 g3 82. Qc8+ Kb6 83. b4
Qe2+ 84. Kb1 Qd3+ 85. Kb2 Qd4+ 86. Kb3 Qd6 87. Qh3 0-1

[Event "España ch Individual Zona 2"]
[Site "Mérida ESP"]
[Date "2008.08.19"]
[Round "2.3"]
[White "Carrasco Martinez, Juan M"]
[Black "Corbalan Gomez, Juan Jose"]
[Result "1-0"]
[WhiteElo "2425"]
[BlackElo "2152"]
[PlyCount "79"]
[EventDate "2008.08.18"]
[EventType "swiss"]
[EventRounds "7"]
[EventCountry "ESP"]
[Source "lmi"]
[SourceDate "2008.08.18"]

1. d4 Nf6 2. Nf3 e6 3. c4 b6 4. g3 Ba6 5. Qa4 Bb7 6. Bg2 c5 7. dxc5 Bxc5 8. O-O
O-O 9. Nc3 a6 10. Bf4 Be7 11. Rfd1 d6 12. Rac1 Qc7 13. b4 Nbd7 14. Qb3 Rfd8 15.
Na4 Nh5 16. Be3 Nhf6 17. a3 Rac8 18. h3 Ba8 19. Kh2 Qb8 20. b5 d5 21. bxa6 dxc4
22. Qb2 Nd5 23. Bd4 Bc6 24. Nc3 f6 25. Nxd5 Bxd5 26. Bc3 Qa8 27. Bb4 Bxb4 28.
Qxb4 Qxa6 29. Nd4 Bxg2 30. Nxe6 Re8 31. Nxg7 Bc6 32. Nxe8 Rxe8 33. Rxc4 Ne5 34.
Rxc6 Nxc6 35. Qg4+ Kf7 36. Qh5+ Kf8 37. Rd6 Qxe2 38. Rxf6+ Kg8 39. Qf7+ Kh8 40.
Rxc6 1-0

[Event "España ch Individual Zona 2"]
[Site "Mérida ESP"]
[Date "2008.08.19"]
[Round "2.4"]
[White "Pizarro Segura, Eduardo"]
[Black "Cabrera Trujillo, Jorge"]
[Result "0-1"]
[WhiteElo "2169"]
[BlackElo "2423"]
[PlyCount "62"]
[EventDate "2008.08.18"]
[EventType "swiss"]
[EventRounds "7"]
[EventCountry "ESP"]
[Source "lmi"]
[SourceDate "2008.08.18"]

1. d4 Nf6 2. Nf3 g6 3. Bf4 Bg7 4. e3 d6 5. h3 O-O 6. Nbd2 Nbd7 7. c3 Qe8 8. Bc4
e5 9. Bh2 Qe7 10. Qc2 Kh8 11. Bb3 a5 12. a4 b6 13. O-O Bb7 14. Kh1 Rae8 15.
Rac1 e4 16. Ng1 Nd5 17. Ne2 f5 18. Bxd5 Bxd5 19. c4 Bb7 20. Nb3 g5 21. c5 dxc5
22. dxc5 Ne5 23. cxb6 cxb6 24. Nbd4 Nd3 25. Rb1 f4 26. Qb3 Qf6 27. exf4 gxf4
28. f3 Qg6 29. Rbd1 exf3 30. gxf3 Nc5 31. Qb5 Ba6 0-1

[Event "España ch Individual Zona 2"]
[Site "Mérida ESP"]
[Date "2008.08.19"]
[Round "2.5"]
[White "Escobar Felix, Eduardo"]
[Black "Espinosa Aranda, Angel"]
[Result "0-1"]
[WhiteElo "2153"]
[BlackElo "2313"]
[PlyCount "46"]
[EventDate "2008.08.18"]
[EventType "swiss"]
[EventRounds "7"]
[EventCountry "ESP"]
[Source "lmi"]
[SourceDate "2008.08.18"]

1. e4 c5 2. Nf3 d6 3. c3 Nf6 4. Bd3 Nc6 5. Bc2 Bg4 6. d3 g6 7. h3 Bxf3 8. Qxf3
Bg7 9. O-O O-O 10. Nd2 b5 11. Re1 Nd7 12. Nf1 b4 13. Bd2 bxc3 14. bxc3 Qa5 15.
Ne3 Bxc3 16. Bxc3 Qxc3 17. Ba4 Nd4 18. Qg3 Qxa1 19. Rxa1 Ne2+ 20. Kh2 Nxg3 21.
Bxd7 Nh5 22. Nd5 e6 23. Ne7+ Kg7 0-1

[Event "España ch Individual Zona 2"]
[Site "Mérida ESP"]
[Date "2008.08.19"]
[Round "2.6"]
[White "Fenollar Jorda, Manuel"]
[Black "Torres Ventosa, Pedro Eugenio"]
[Result "1/2-1/2"]
[WhiteElo "2298"]
[BlackElo "2135"]
[PlyCount "92"]
[EventDate "2008.08.18"]
[EventType "swiss"]
[EventRounds "7"]
[EventCountry "ESP"]
[Source "lmi"]
[SourceDate "2008.08.18"]

1. d4 Nf6 2. Nf3 g6 3. Bg5 Bg7 4. Nbd2 d5 5. e3 O-O 6. Bd3 Nbd7 7. O-O c5 8. c3
b6 9. b4 a5 10. bxc5 bxc5 11. Rb1 Ba6 12. Qe2 c4 13. Bc2 Qc7 14. Bf4 Qc6 15.
Ne5 Nxe5 16. Bxe5 Nd7 17. Bxg7 Kxg7 18. e4 e6 19. e5 Rab8 20. h4 Bb5 21. Qd1
Qc7 22. Nf3 Bc6 23. Qd2 Rb6 24. h5 Rfb8 25. Rxb6 Rxb6 26. h6+ Kg8 27. Rb1 Qd8
28. Qf4 Qe7 29. Nh2 Ba4 30. Rxb6 Nxb6 31. Bb1 Bc6 32. Ng4 Na4 33. Nf6+ Kh8 34.
Qf3 Qa3 35. Ng4 Qe7 36. Bc2 Nb2 37. Kf1 Ba4 38. Bxa4 Nxa4 39. Ke1 Qg5 40. Ne3
Kg8 41. Kd2 Qxh6 42. Qf6 Qf8 43. g4 Qa3 44. Qd8+ Kg7 45. Qf6+ Kg8 46. Qd8+ Kg7
1/2-1/2

[Event "España ch Individual Zona 2"]
[Site "Mérida ESP"]
[Date "2008.08.19"]
[Round "2.8"]
[White "Torres Maesso, Pedro"]
[Black "De La Cruz Sanchez, Carlos Gustavo"]
[Result "1-0"]
[WhiteElo "2127"]
[BlackElo "2266"]
[PlyCount "125"]
[EventDate "2008.08.18"]
[EventType "swiss"]
[EventRounds "7"]
[EventCountry "ESP"]
[Source "lmi"]
[SourceDate "2008.08.18"]

1. e4 e6 2. d4 d5 3. Nd2 c5 4. Ngf3 Nc6 5. exd5 exd5 6. Bb5 cxd4 7. Nxd4 Bd7 8.
N2f3 Bd6 9. O-O Nge7 10. Bg5 O-O 11. Bxc6 bxc6 12. Re1 c5 13. Ne2 Rb8 14. b3 d4
15. Ng3 f6 16. Bc1 Nd5 17. Ne4 Be7 18. c4 f5 19. cxd5 fxe4 20. Rxe4 Bf5 21. Re5
Bg4 22. Qe2 Bf6 23. d6 Qxd6 24. Qc4+ Kh8 25. Rd5 Qe6 26. Bf4 Rbd8 27. Rxc5 Qe4
28. Bc7 Rde8 29. Bd6 Bxf3 30. gxf3 Qg6+ 31. Kh1 d3 32. Rg1 d2 33. Rd5 Re1 34.
Qg4 Qxg4 35. fxg4 Rd8 36. Rxd2 Re6 37. Bf4 Rc8 38. g5 Be7 39. Rgd1 Kg8 40. Be3
Re5 41. Rd7 a5 42. h4 Re4 43. Kg2 Kf7 44. R1d4 Re5 45. Bf4 Re6 46. Bd6 Rc2 47.
Rf4+ Ke8 48. Rxe7+ Rxe7 49. Bxe7 Kxe7 50. a4 Rc3 51. Rf5 Rxb3 52. Rxa5 Rb4 53.
Kg3 h6 54. Ra7+ Ke6 55. gxh6 gxh6 56. a5 Ra4 57. a6 Kf6 58. Ra8 Kg7 59. a7 h5
60. Kf3 Ra6 61. Ke4 Re6+ 62. Kd5 Re7 63. Rg8+ 1-0

[Event "España ch Individual Zona 2"]
[Site "Mérida ESP"]
[Date "2008.08.19"]
[Round "2.9"]
[White "De La Torre Suarez, Angel"]
[Black "Claros Egea, Christian"]
[Result "1/2-1/2"]
[WhiteElo "2113"]
[BlackElo "2264"]
[PlyCount "57"]
[EventDate "2008.08.18"]
[EventType "swiss"]
[EventRounds "7"]
[EventCountry "ESP"]
[Source "lmi"]
[SourceDate "2008.08.18"]

1. d4 f5 2. c4 e6 3. Nc3 Nf6 4. f3 d6 5. e4 Be7 6. Bd3 O-O 7. Nge2 fxe4 8. Nxe4
Nxe4 9. Bxe4 Nd7 10. O-O Nf6 11. Bc2 Qe8 12. Qd3 Qf7 13. g4 g6 14. Bh6 Re8 15.
Rae1 Bf8 16. Bxf8 Kxf8 17. h3 Kg7 18. f4 Bd7 19. Ng3 Kh8 20. g5 Ng8 21. h4 Rf8
22. Re2 Ne7 23. h5 Nf5 24. Ne4 gxh5 25. Nf6 h4 26. Rh2 Qg7 27. Nxd7 Qxd7 28.
Re1 Rae8 29. d5 1/2-1/2

[Event "España ch Individual Zona 2"]
[Site "Mérida ESP"]
[Date "2008.08.19"]
[Round "2.10"]
[White "Sanchez Silva, Luis Agapito"]
[Black "Figuero Toro, Julian Francisco"]
[Result "0-1"]
[WhiteElo "2105"]
[BlackElo "2234"]
[PlyCount "124"]
[EventDate "2008.08.18"]
[EventType "swiss"]
[EventRounds "7"]
[EventCountry "ESP"]
[Source "lmi"]
[SourceDate "2008.08.18"]

1. e4 c5 2. Nf3 Nc6 3. d4 cxd4 4. Nxd4 Nf6 5. Nc3 d6 6. Be3 Ng4 7. Bg5 h6 8.
Bh4 g5 9. Bg3 Bg7 10. Nb3 Be6 11. Be2 h5 12. h4 gxh4 13. Bxh4 Rc8 14. O-O a6
15. a4 Nce5 16. Nd4 Qb6 17. Nxe6 fxe6 18. Rb1 Qc5 19. Qd2 Bh6 20. Qd1 Kd7 21.
Kh1 Bf4 22. Qe1 Ng6 23. g3 Bh6 24. f4 Rhf8 25. f5 exf5 26. Rxf5 Rxf5 27. Bxg4
hxg4 28. exf5 Qxf5 29. Qe2 Nxh4 30. gxh4 g3 31. Kg2 Bf4 32. Rf1 e5 33. Ne4 d5
34. Rd1 Ke6 35. Nc3 Rc5 36. Rd4 Bc1 37. Rb4 Bxb2 38. Rxb7 Qf2+ 39. Qxf2 gxf2
40. Rxb2 Rxc3 41. Kxf2 Kf5 42. Ke2 Rc4 43. Rb6 Rxa4 44. h5 Rh4 45. h6 a5 46.
Rb5 Ke4 47. Rxa5 Rxh6 48. Ra4+ d4 49. c3 Rh2+ 50. Kf1 Kf3 51. Kg1 Rg2+ 52. Kf1
Rd2 53. Ke1 dxc3 54. Rh4 Ke3 55. Rc4 Re2+ 56. Kd1 c2+ 57. Kc1 Kf2 58. Rh4 e4
59. Rh2+ Kf1 60. Rh1+ Kg2 61. Rh6 e3 62. Re6 Rf2 0-1

[Event "España ch Individual Zona 2"]
[Site "Mérida ESP"]
[Date "2008.08.19"]
[Round "2.11"]
[White "Carrascoso Morales, Abel"]
[Black "Muelas Cerezuela, Jose"]
[Result "1-0"]
[WhiteElo "2234"]
[BlackElo "2107"]
[PlyCount "79"]
[EventDate "2008.08.18"]
[EventType "swiss"]
[EventRounds "7"]
[EventCountry "ESP"]
[Source "lmi"]
[SourceDate "2008.08.18"]

1. e4 e6 2. d4 d5 3. Nc3 Nf6 4. Bg5 Bb4 5. e5 h6 6. Bd2 Bxc3 7. bxc3 Ne4 8. Qg4
Kf8 9. h4 c5 10. Bd3 Nxd2 11. Kxd2 c4 12. Be2 Nc6 13. Rh3 b5 14. Rg3 Rg8 15.
Qf4 Bd7 16. Bh5 Be8 17. Rf3 Qe7 18. a3 Rb8 19. g4 a5 20. Nh3 b4 21. g5 bxc3+
22. Ke3 Rh8 23. Rg1 hxg5 24. Qg4 g6 25. Nxg5 Rxh5 26. Qxh5 Qa7 27. Qh8+ Ke7 28.
Rf4 Kd7 29. Nxf7 Nxd4 30. Rxd4 Bxf7 31. Qf6 Kc6 32. h5 gxh5 33. Rg7 Rf8 34. f4
Rg8 35. Rxf7 Rg3+ 36. Ke2 Qxd4 37. Qxe6+ Kb5 38. Qe8+ Ka6 39. Qa8+ Kb5 40. Rb7+
1-0